Lucky Seven Crossword IV Quiz Stats

 Plays Quiz Updated Mar 22, 2018

Challenge
Share
Tweet
Score 0/64 Timer 03:00
3 Plays Today
% Correct
SCRATCH       
94.4%
S 
94.4%
C 
94.4%
R 
94.4%
A 
94.4%
T 
94.4%
C 
94.4%
H 
94.4%
SUCCESS       
75.3%
S 
75.3%
U 
75.3%
C 
75.3%
C 
75.3%
E 
75.3%
S 
75.3%
S 
75.3%
HOTHEAD                                             
69.8%
H 
69.8%
O 
69.8%
T 
69.8%
H 
69.8%
E 
69.8%
A 
69.8%
D 
69.8%
COMPACT       
67.9%
C 
67.9%
O 
67.9%
M 
67.9%
P 
67.9%
A 
67.9%
C 
67.9%
T 
67.9%
% Correct
RAMPART                                            
63.6%
R 
63.6%
A 
63.6%
M 
63.6%
P 
63.6%
A 
63.6%
R 
63.6%
T 
63.6%
EDAMAME       

63.1%
E 
63.1%
D 
63.1%
A 
63.1%
M 
63.1%
A 
63.1%
M 
63.1%
E 
63.1%
SETTLED        

36.9%
S 
36.9%
E 
36.9%
T 
36.9%
T 
36.9%
L 
36.9%
E 
36.9%
D 
36.9%
TRAVAIL                                             
22.2%
T 
22.2%
R 
22.2%
A 
22.2%
V 
22.2%
A 
22.2%
I 
22.2%
L 
22.2%

You're not logged in!

Compare scores with friends on all Sporcle quizzes.
Join for Free
OR
Log In

You Might Also Like...

Show Comments

Extras

Top Quizzes Today


Score Distribution

Your Account Isn't Verified!

In order to create a playlist on Sporcle, you need to verify the email address you used during registration. Go to your Sporcle Settings to finish the process.

Report this User

Report this user for behavior that violates our Community Guidelines.

Details: